000 00298nam a22001097a 4500
008 230629b xxu||||| |||| 00| 0 eng d
082 _a338.9
_bNUF 2005
245 _aRegional Economic Outlook
_bSub-Saharan Africa
260 _bInternational Monetary Fund
_c2005
300 _aVII,87p
942 _2ddc
_cBK
999 _c3011
_d3011